|
|
|
|
| LEADER |
00000nab a2200000 a 4500 |
| 001 |
vtls000140237 |
| 003 |
SK-MaSNL |
| 005 |
20260304060711.0 |
| 008 |
250422c1982 xo 0 slo |
| 015 |
|
|
|a SNBRB19rr/mm-uuuuu
|
| 035 |
|
|
|a CL0150343
|
| 035 |
|
|
|a urn:nbn:sk:snk-ab7j8j
|
| 035 |
|
|
|a (urnnbn)urn:nbn:sk:snk:ar-005y8u
|
| 035 |
|
|
|a (uuid)9c956673-e7c7-4bc7-b6ed-6dc12630f053
|
| 040 |
|
|
|a SNKBUCL
|b slo
|c SNKBUCL
|e AACR2
|
| 041 |
0 |
|
|a eng
|
| 044 |
|
|
|a xo
|c SK
|
| 080 |
|
|
|a 541.1
|2 1981
|
| 100 |
1 |
|
|a Horsák, Ivan
|4 aut
|9 539166
|
| 245 |
1 |
0 |
|a Integration of the LeChatelier-Shreder equation for different forms of temperature dependence of xCp
|c I. Horsák, I. Sláma
|
| 300 |
|
|
|b Tb. 1. Res. angl., rus., lit. 2 zázn. v angl.
|
| 650 |
0 |
7 |
|a fázové rovnováhy
|2 snkbucl
|9 113025
|
| 655 |
|
7 |
|a články z novín a časopisov
|2 snkbucl
|9 267496
|
| 700 |
1 |
|
|a Sláma, Ivan
|4 aut
|9 944922
|
| 773 |
0 |
|
|t Chemické zvesti
|g Roč. 36, č. 6 (1982), s. 745-748
|
| 850 |
|
|
|a Slovenská národná knižnica
|
| 852 |
|
|
|a Slovenská národná knižnica
|
| 954 |
|
|
|a odborná, vedecká literatúra cudzojazyčná (svetová)
|2 lita
|
| 958 |
|
|
|a article7
|
| 958 |
|
|
|a OND
|
| 958 |
|
|
|a NB
|
| 958 |
|
|
|a RK
|
| 958 |
|
|
|a EUIPO
|
| 992 |
|
|
|a RBX
|
| 999 |
|
|
|c 2729613
|d 2731543
|